000 00379nam a2200157Ia 4500
008 230524s9999 xx 000 0 und d
082 _a621.38
_bJAN
100 _aN.K.Mandal
_925199
245 0 _aElectrical Power System
250 _a2nd
260 _aNEW DELHI
_bDhanpat Rai
_c2006
300 _aX;321
500 _aQuantity Number: 1
650 _aElectrical
942 _cBK
999 _c37252
_d37252